000
00344 a2200157 4500
001
58007
020
_a
8587810030
040
_c
Anchieta - Pituba
100
_a
Gonzaga, Tomás Antônio
240
1
0
_a
Marília de Dirceu
_l
por
245
1
0
_a
Marília de Dirceu
300
_a
153
362
0
_a
1988
650
4
_a
Poesia portuguesa
942
_c
BK
999
_c
58007
_d
58007